| 000 | 00372 a2200145 4500 | ||
|---|---|---|---|
| 001 | 63874 | ||
| 082 | _a005.133 LAF | ||
| 090 |
_c37784 _d37784 |
||
| 100 | _aLafore, Robert | ||
| 245 | _aC Programming Using turbo C++, 2nd Ed(with Floppy) | ||
| 250 | _a2 | ||
| 260 |
_aNew Delhi _bTechmedia _c1997 |
||
| 300 |
_a778p _ewith floppy |
||
| 500 | _aBE textbook H & S deptt | ||
| 942 |
_aNUST-CAE _k005.133 LAF |
||
| 999 |
_c298947 _d298947 |
||